[Event "CAN-op"]
[Site "Sault Ste Marie CAN"]
[Date "2017.07.10"]
[Round "3.2"]
[White "Yang, Kaiqi"]
[Black "Lenderman, Aleksandr"]
[Result "1-0"]
[WhiteElo "2415"]
[BlackElo "2585"]
[Annotator "John Upper"]
[PlyCount "123"]
[EventDate "2017.??.??"]
[EventType "swiss"]
[EventRounds "9"]
[EventCountry "CAN"]
[SourceTitle "ChessCanada"]
[Source "CFC"]
[SourceDate "2020.02.14"]
[SourceVersion "1"]
[SourceVersionDate "2020.02.14"]
[SourceQuality "1"]

{[%mdl 32768]} 1. e4 e6 2. d4 d5 3. Nd2 Be7 4. exd5 exd5 {An exchange French.
White is equal, and Black will have difficulty creating imbalances sufficient
to trouble a competent opponent.} 5. Bd3 Nf6 6. Ngf3 Bg4 7. c3 c6 {[#]} 8. Qb3
({Although these symmetrical positions can be a strategic snooze-fest, there's
always the chance for a tactical surprise:} 8. Qc2 Bh5 9. Ne5 Bg6 10. O-O Nbd7
11. Re1 O-O (11... Bxd3) 12. Nxg6 hxg6 13. Nf3 Bd6 14. Bg5 Qc7 15. Re2 Rfe8 16.
Rae1 Rxe2 17. Rxe2 Re8 18. g3 Rxe2 19. Qxe2 Kf8 20. Bd2 {[#] Analysis Diagram}
Qa5 $4 {Black's first semi-ambitious move, and it turns out to be a blunder
because it leaves the Bd6 undefended!} 21. a3 (21. Bxg6 $3 fxg6 22. Qe6 {
gaining a tempo on the B to bring the N in for mate; e.g.} Qc7 (22... Be7 23.
Ng5 $18) 23. Nh4 $18) 21... Qb6 22. Bc1 (22. Ng5 $142 $1 Qxb2 23. Bxg6 $16)
22... Qc7 23. Ng5 $1 c5 24. Bxg6 $1 cxd4 25. Bxf7 d3 26. Qxd3 Ne5 27. Qf5 Qc6
28. Bh5 Qa6 29. Bf4 Nc4 30. Qe6 {(1-0, 30) Bojkovic,N (2400)-Matveeva,S (2496)
Elista, 2004.}) 8... Qc7 9. Ne5 Bh5 10. O-O O-O 11. Re1 c5 {Black plays to
break the symmetry.} 12. Qa4 Nc6 13. Nf1 Bd6 14. Nxc6 bxc6 15. dxc5 Bxc5 16.
Bf4 Qb6 17. Qc2 a5 18. Be3 Bg6 19. Bxg6 {[#]} fxg6 $5 {Activating the R but
exposing the K a little more -- Black keeps trying to unbalance.} 20. f3 a4 21.
Bxc5 Qxc5+ 22. Kh1 (22. Qf2 Qxf2+ 23. Kxf2 a3 24. b3 Ne4+ $15) 22... a3 23. b3
Rae8 24. Qd2 Qb5 25. Ne3 Re5 26. Nc2 Rfe8 27. Rxe5 Rxe5 28. Re1 h6 29. h3 (29.
Rxe5 $4 Qf1#) 29... Rxe1+ 30. Qxe1 {[#]} c5 (30... Qd3 31. Nxa3 Kh7 $11) (30...
Qa5 31. Qe6+ Kh7 32. Qxc6 d4 $8 33. Nxd4 Qg5 34. Qc7 Qc1+ 35. Kh2 Nd5 $11) 31.
Nxa3 Qa6 32. Qc1 Qe2 33. b4 cxb4 34. cxb4 Qxa2 (34... Nh5 $5 {leaves White
with two passed pawns, but Black has sufficient play against the loose
kingside.}) 35. b5 Qb3 36. Qc5 Kh7 {[%mdl 64] [#]Critical Position Material is
equal. Both sides have passed pawns, but White's is further advanced but
Black's Q is well-placed behind it and Na3 is not well placed. Finally,
Black's earlier ...fxg6 capture has left his K better protected from Q checks
than White's K.} 37. Qd6 $2 {This makes sense on general principles -- it gets
ready to advance the b-pawn while defending the N and staying behind Black's
passer -- but it loses to the very precise sequence which Black plays.} (37.
Kh2 $142) (37. b6 $6 {isn't as losing as it looks} Nd7 38. Qb5 $8 Qxb5 39. Nxb5
Nxb6 40. f4 $1 $15) 37... d4 $1 $19 38. b6 Nd5 $1 39. Kh2 d3 $1 40. Nc4 Qxc4
41. b7 {White is going to promote (first), but Black aims at a more important
target.} Ne3 $1 42. b8=Q Qc2 $8 {[#]White has to give up a Q to stop the mate
on g2, after which the d-pawn should win.} 43. Qxg6+ $1 (43. Kg3 Nf5+ $19) (43.
Qg3 Nf1+ $19) 43... Kxg6 44. Qe8+ Kf6 45. Qf8+ Ke6 (45... Ke5 46. Qxg7+ Kd5 $19
) 46. Qe8+ Kd6 47. Qd8+ (47. Qxe3 d2 48. Qb6+ Ke7 $19 {Black zigzags back to
h7 when there will be no perpetual because the black Q defends the diagonal.})
47... Kc5 48. Qe7+ Kc4 49. Qe4+ Kb3 50. Qxe3 Qc7+ 51. Kg1 Kc2 52. Qe4 Qc3 53.
Kf1 {[#] Black has shown great resourcefulness to create imbalances and
accuracy to turn them into a winning position... but now he starts to drift.
No doubt time trouble was a factor.} g5 {Unnecessary.} (53... Kc1 $1) 54. h4 $1
Kb2 55. hxg5 hxg5 56. Qd5 Kc2 (56... Qc1+ $142 57. Kf2 Qc2+ 58. Kg3 d2 $19) (
56... d2 $142 57. Ke2 Kc1 $19) 57. Qf5 Qc4 (57... Kc1 58. Qxg5+ d2 59. Kf2 Qd4+
60. Ke2 Qc4+ 61. Kf2 Kd1 $19) 58. Ke1 Qc3+ 59. Kf1 Kd1 $6 60. Qe4 $1 {[#]} d2
$4 61. Qb1+ Qc1 62. Qa2 $1 $11 {Black will have to move his Q, and White will
repeat with a check on the first rank.... but somehow this game ended as a win
for White? It must have been a flag.  ... and that's why nobody plays the
French (if you listen to the guys on chess.com).} 1-0

[Event "CAN-op"]
[Site "Sault Ste Marie CAN"]
[Date "2017.07.13"]
[Round "6.2"]
[White "Hambleton, Aman"]
[Black "Vovk, Andrey"]
[Result "1-0"]
[WhiteElo "2522"]
[BlackElo "2630"]
[Annotator "John Upper"]
[PlyCount "87"]
[EventDate "2017.??.??"]
[EventType "swiss"]
[EventRounds "9"]
[EventCountry "CAN"]
[SourceTitle "ChessCanada"]
[Source "CFC"]
[SourceDate "2020.02.14"]
[SourceVersion "1"]
[SourceVersionDate "2020.02.14"]
[SourceQuality "1"]

{[%mdl 32768]} 1. e4 c5 2. Ne2 {This Chameleon-like move was often played by
Paul Keres. White keeps options of playing an open Sicilian with d4 or closed
with d3, and so can choose which Sicilian lines to avoid.} Nc6 3. Nbc3 Nf6 4.
g3 {White's decided there will be no Najdorf or Sveshnikov.} d6 5. Bg2 g6 6.
O-O Bg7 {[#]} 7. d4 $5 {Were you expecting a Closed with d2-d3? If so, you
haven't been watching Canadian chess since the 1980s.  True, this IS a
Canadian playing White in the Canadian Open; but Aman is one of the many
Candians in the post-Suttles and post-Day era who play the Open Sicilian as
White.} cxd4 8. Nxd4 Bd7 (8... Bg4 9. Nde2 Qc8 10. f3 Bh3 11. Bxh3 Qxh3 12. Bg5
O-O 13. Qd2 h6 14. Be3 Kh7 15. Rac1 Qd7 16. Nd5 Nxd5 17. exd5 Ne5 18. b3 b5 19.
Bd4 $14 Rac8 20. f4 Ng4 21. Bxg7 Kxg7 22. Nd4 Nf6 23. c4 bxc4 24. bxc4 e6 25.
dxe6 fxe6 26. Rfe1 Rfe8 27. Nb3 a6 28. Qd4 Rc6 29. Red1 e5 $1 $11 30. fxe5 Rxe5
31. Qxe5 dxe5 32. Rxd7+ Nxd7 33. Rd1 Nf6 34. c5 Kf7 35. Rc1 Nd7 36. Kf2 Ke6 37.
Ke3 Kd5 38. Rd1+ Ke6 39. Rc1 Kd5 {(½-½, 39) Spassky,B-Fischer,R Belgrade,
1992.}) 9. Nde2 O-O 10. h3 Ne5 11. a4 Qa5 12. b3 b5 $6 13. Be3 $1 {Defending
the Ra1, and so threatening axb5+-.} bxa4 14. Nxa4 Qc7 {[#]} 15. c4 {This
gives Black a target on b3, but it's still good.} (15. Qd2 $2 {steps into a
fork on f3} Bxh3 $1 $17 {but you still have to see the rest:} 16. f4 Bxg2 17.
fxe5 Nxe4 $8 $19) (15. f4 $5 {aiming to dislodge the Ns with an eventual
g3-g4-g5 also deserves consideration.}) 15... Rfb8 16. Ra3 Nc6 17. Nac3 a6 18.
Qd2 Qc8 19. Kh2 Rb7 20. f4 Rab8 {[#]} 21. Qd1 {I think this is an
interestingly provocative way of defending the b3-pawn. In part because it
uncoordinates White's pieces a little (the Be3 is undefended) but also because
it sends a message to Black that White may be perfectly happy playing this
position VERY SLOWLY.} (21. Qc2 {would be the most natural way to defend b3.
My hunch is that White prefered Qd1 since the Qc2 could be attacked after some
sequence involving ...e5 and ...Nd4.}) (21. Nc1 {would be even more
provocative, but not necessarily bad.}) (21. Rb1 {is a natural way to defend
b3, but Black gets active after} Nb4 22. Nd4 e5 $5 $13) 21... Bg4 $1 {[#]Black
responds like a GM! Clever and strong. It doesn't actually threaten anything,
but it annoys by tying White down.} 22. f5 (22. hxg4 $4 Nxg4+ 23. Kg1 Nxe3 $19)
(22. Rf2 e5 $1 $13 {a typical Dragon counter strike in the center, giving
Black lots of play.} 23. fxe5 (23. Qxd6 $4 {gets the Q trapped after} Rd7 24.
Qc5 Bf8 $19) (23. f5 $6 Nd4 $15 {and White can't take on d4 because after} 24.
Bxd4 $2 exd4 25. Qxd4 Bxe2 $19 {White can't recapture on e2 without losing his
Q to ...Ng4+.}) 23... Nxe5 24. Qxd6 Be6 {threatening both ...Nfg4+ and ...Rxb3.
}) 22... Bxe2 23. Nxe2 Nd7 24. fxg6 hxg6 $15 {[#] By trading his f-pawn for
Black's h-pawn, White has conceded the e5 square to Black, which gives him a
comfortable Dragon-type structure.} 25. e5 $1 {Clearing the diagonal to
activate the Bg2.} (25. Rxa6 $4 {doesn't work yet, since} Rxb3 $19 {threatens
the Ra6 and Be3.}) 25... Ndxe5 (25... Bxe5 $6 26. Rxa6 $14 {with a tempo on
the Nc6.}) 26. Nf4 $2 (26. Nc3 $142 $15) 26... a5 27. Nd5 a4 $1 $17 {Just a
minority attack, but now Black's Rooks are very strong.} 28. Rxa4 Rxb3 29. Bg5
{[#]} Bf8 (29... Rb1 $1 {is probably winning for Black} 30. Qxb1 {is the
obvious reply, but it doesn't work since after} (30. Qe2 R8b2 $19) (30. Bc1 $1
{is the computer's choice:} Bh6 31. Nf4 R8b4 32. Rxb4 Nxb4 $19 {Black is up a
pawn and his pieces are swarming into the weak squares behind the squares
White's pawns used to protect.}) 30... Rxb1 31. Rxb1 Qf5 $19 {Black's Q forks
g5 and b1.} 32. Rb8+ {hoping to deflect the Nc6 and fork Black on e7} Kh7 $8 {
and White is hanging on b8 and g5,} 33. Nxe7 {forking g5 and c6,} (33. Bxe7
Nxb8 $19) (33. Bf4) 33... Nxe7 34. Bxe7 Qd7 $19 {forking e7 and a4.}) 30. c5 $5
{trying to make the most of the Ra4.} dxc5 $2 (30... Rb1 $142 $1) 31. Rh4 {
[%mdl 64] [#] Critical Position What happens after 31...Rb1?} Rd3 (31... Rb1 {
doesn't win for Black anymore, but the refutation is not at all obvious:} 32.
Bf6 $8 {threatening mate on h8} (32. Qa4 $2 Rxf1 33. Bxf1 Nf3+ $19) 32... Bg7
$8 (32... Rxd1 $4 33. Rh8#) (32... exf6 $4 33. Nxf6+ Kg7 34. Rh7#) 33. Bxg7
Rxd1 34. Nf6+ $8 Kxg7 $8 (34... exf6 35. Bxf6 {and there's no defence to Rh8#.}
) 35. Rh7+ Kf8 36. Rh8+ Kg7 37. Rh7+ $8 $11) 32. Qc1 (32. Bf6 {draws, as in
the variations above after 31...Rb1.}) 32... Nd7 $2 (32... Rd4 $1 {to trade
the Rh4 while also defending the 4th rank and keeping the Ne5 where it defends
f7.}) 33. Qf4 $1 $18 Nce5 {[#]} 34. Nxe7+ $2 {Another mistake in a
head-spinning position.} (34. Bxe7 $5 Rxd5 $1 35. Bxd5 $16) (34. Bf6 $8 $18 {
this wins, but only if you see the follow up} Nxf6 35. Qxf6 $8 {would be a
wonderful move to play against anyone, but especially so against a 2600+ GM}
Bg7 36. Nxe7+ Kf8 37. Nxg6+ (37. Rh8+ {also forces mate.}) 37... Kg8 (37...
Nxg6 38. Qxf7#) 38. Rh8+ $1 Bxh8 39. Qxh8#) 34... Bxe7 35. Bxe7 Rb2 $2 {
This creates some terrific threats for Black, but if White can walk a
tightrope of only moves he'll end up with a winning position.} (35... Rd4 $1
$15) 36. Qh6 $8 $18 {From here on, White plays perfectly.} Rxg2+ {[#]} 37. Kh1
$8 (37. Kxg2 $2 Qa8+ $8 38. Kh2 Qa2+ $8 39. Kh1 Qd5+ $8 40. Kh2 Rd2+ $19) 37...
Rg1+ 38. Kxg1 $8 (38. Rxg1 $2 Qb7+ 39. Kh2 Nf3+ $19) 38... Rxg3+ 39. Kh2 Rxh3+
40. Kxh3 $8 (40. Rxh3 $4 Ng4+ $19) 40... Nf6+ 41. Kg2 Nh5 42. Bf6 $1 (42. Rxh5
$4 Qg4+ $11) 42... Qc6+ 43. Kg1 $1 Nf3+ 44. Rxf3 $8 {With this win, Aman moved
to a 3-way tie for second with IM Kaiqi Yang and GM Aryan Chopra, 1/2 a point
behind the tournament leader, GM Razvan Preotu.} 1-0

[Event "RACC Sunday Rapid"]
[Site "Ottawa"]
[Date "2018.08.26"]
[Round "2"]
[White "Upper, John"]
[Black "Beckwith, Paul H"]
[Result "1-0"]
[WhiteElo "1966"]
[BlackElo "2113"]
[Annotator "John Upper"]
[PlyCount "35"]
[EventType "swiss (rapid)"]
[EventRounds "2"]
[EventCountry "CAN"]

{[%mdl 32768]} 1. c4 Nf6 2. Nc3 e6 3. Nf3 d5 4. e3 Be7 5. b3 O-O 6. Bb2 c6 {
[#] Not in DC REP, which covers ...c5, ...b6, and ...dxc4. The game move
doesn't score as well as those alternatives, which is probably why it is not
mentioned, but now I'm on my own. I remembered that the DC REP covers the
triangle system (e6-d5-c6), but in lines where Black doesn't commit to Be7,
but can play the more active ...Bd6, which allows both ...e5 and ...Qe7. I
figured that that is not a huge difference, but enough to give White a bit
less to worry about.} 7. Qc2 dxc4 $6 $146 {Now there are no games in the
MegaBase from here, so we're both on our own. Black seems to be trying to play
a Meran, but conceding the fight for e4 without even gaining a tempo from
Bf1-d3-xc4 can't be best. That's not something I know from studying the DC REP,
but from a previous stuggle to find something aginst the Meran when I played 1.
d4.} (7... b6 8. Rg1 $5 Bb7 9. g4 c5 10. g5 $13 {(1-0, 31) Jakubowski,K (2526)
-Tokranovs,D (2348) Katowice (blitz), 2017.}) (7... Nbd7 {transposes back to
the DC REP, which continues:} 8. Be2 b6 9. Rg1 Bb7 10. g4 $5) 8. Bxc4 b5 9. Be2
$14 Nbd7 10. O-O Nb6 $6 11. a4 {Taking on a4 leaves Black with two queenside
isos to one.} b4 12. Ne4 Nxe4 13. Qxe4 Qd5 14. Qg4 $1 {[#]With a mate threat
and potential tempi against the Qd5.} f6 (14... g6 15. Qf4 (15. Qd4 Qxd4 16.
Nxd4 Bd7 $14) 15... Nd7 16. Bc4 (16. Qh6) 16... Qf5 (16... Qd6 17. Qh6 Bf6 18.
Ng5 $18) 17. Qc7 $16) (14... e5 15. Qg3 Qxb3 16. Bxe5 $18) 15. a5 $8 $18 Qxb3 (
15... Nd7 16. Bc4 $18) 16. axb6 Qxb2 17. b7 $1 Bxb7 18. Qxe6+ {Black resigned.}
(18. Qxe6+ Rf7 {and White can choose the move I saw} 19. Bc4 {winning a piece.}
({or the fancy} 19. Ra2 {trapping the Q.}) 19... Raf8 20. Qxe7 $18) 1-0

[Event "RACC Ch"]
[Site "Ottawa"]
[Date "2019.02.21"]
[Round "5"]
[White "Upper, John"]
[Black "De Kerpel, Stijn"]
[Result "1-0"]
[WhiteElo "2201"]
[BlackElo "2129"]
[Annotator "John Upper"]
[PlyCount "113"]
[EventType "swiss"]
[EventRounds "2"]
[EventCountry "CAN"]

1. c4 Nf6 2. Nf3 e6 3. Nc3 d5 4. e3 a6 $5 {[#]} 5. d4 {I had a long think now.
I remembered that the main idea here is to aim for IQP or hanging pawn
positions with b3 and central pawn trades, but at the board I worried about
Black counterplay with ...Bb4.} ({DC REP continues:} 5. b3 c5 (5... Bd6 6. Bb2
O-O 7. g4 $5 Nxg4 8. Rg1 f5 9. cxd5 e5 10. h3 Nf6 11. Ng5 $13 {(1-0, 37)
Nepomniachtchi,I (2729)-Anand,V (2782) London, 2017.}) 6. cxd5 (6. Bb2 Nc6 (
6... d4 $6 {Going for a reversed-Benoni is an equalizer against some Reti
lines, but the d2 pawn makes a big difference here.} 7. exd4 cxd4 8. Ne2 {
and Black will lose the d-pawn, either on d4 next, or} d3 9. Nf4 $16 {Note
that if White had played d2-d3, then Black could get an advantage by
supporting the d4 pawn with 8...e5, which would be tactically supported by
Qa5+.}) 7. cxd5 exd5 8. d4 Bg4 9. Be2 Bxf3 10. Bxf3 cxd4 11. exd4 {White has
to be a bit better with the Bs, but it's not so much with the center
stabilized. (1-0, 54) Kovalyov,A (2629)-Vera Gonzalez Quevedo,R (2434)
Montreal, 2018.}) 6... exd5 7. d4 {[#]Here are the lines with ...Bb4 I was
worried about.... and which I should have checked at home when first studying
the REP.} Nc6 (7... cxd4 8. Nxd4 Bb4 $5 9. Bb2 (9. Bd2 Nc6 {I thought this was
prostpectless for White}) 9... Ne4 10. Qc2 Qa5 11. Bd3 $5 (11. Rc1 Qxa2 $13)
11... Bxc3+ (11... Nxc3 $6 12. a3 $16) 12. Bxc3 Nxc3 13. Qd2 $13 {White is
temporarily down a piece for some tempi, but the Nc3 can't be held.}) 8. Bb2
cxd4 9. Nxd4 Bb4 $5 (9... Bd6 {is the usual place for the B.} 10. Be2 O-O 11.
O-O {with an approximately equal game. Here is a recent, crazy game, from the
current Canadian Champion:} Re8 12. Bf3 Ne5 13. Bxd5 $1 Neg4 14. Nf3 Nxh2 $2
15. Nxh2 $1 $146 Bxh2+ 16. Kxh2 Ng4+ 17. Kg3 $1 Qd6+ 18. Kf3 $1 (18. f4 $2 Qg6
$44) 18... Qh6 19. Qd4 $1 Qh5 20. Rh1 {1-0 Nepomniachtchi,I (2774)-Bareev,E 
(2643) Amsterdam, 2019.}) 10. Nxc6 bxc6 11. Bd3 d4 $2 {looks like a clean
equalizer, but it's bad for a very pretty reason:} 12. exd4 Qxd4 {And now a
Stockfish move I almost certainly would not have considered OTB:} 13. O-O $3
Bxc3 14. Qe1+ $8 $16 {with a better structure and either the B-pair or big
lead in development no matter what Black does.}) 5... Be7 (5... dxc4 6. Bxc4 b5
7. Be2 Bb7 8. O-O Nbd7 9. b3 c5 10. Bb2 Be7 11. Rc1 O-O $11 {(0-1, 59)
Mamedyarov,S (2817)-Carlsen,M (2835) St Petersburg (blitz) 2018.}) 6. b3 O-O 7.
Bb2 Ne4 $146 8. Bd3 f5 9. cxd5 {[#]} exd5 $4 {Not remembering my opening is
more than made up for by my opponent missing a basic tactic.} (9... Nxc3 $14)
10. Nxd5 $18 {The Nd5 is saved by Bc4 pin.} Bd6 11. Qc2 c6 12. Nc3 Ng5 13. h4
$5 {I had been reading Paul Keres's two volumes of his collected games, and I
suspect I was under the influence here.} Nxf3+ 14. gxf3 Qe7 15. Na4 Be6 16. Nc5
Bc8 17. O-O-O b5 18. Rdg1 Nd7 {[%mdl 64] [#] Critical Position White is up a
pawn, with better development and pressure on the g-file. Who could ask for
more...?} 19. f4 {So that on ...Nxc5 dxc5 Black can't oppose the DSB with ...
Be5. Positionally sensible, but} ({there was a killer shot:} 19. Ne6 $3 {
did not cross my mind! If Black doesn't take it the N goes to g5, with hits on
f7 and f5, and another piece ready for a kingside sac. But if White takes it}
Qxe6 20. d5 $1 $18 {opens the attack on g7 with tempo on the Q.}) 19... Nf6 20.
Rg5 Nd5 21. Rhg1 Rf7 22. Kb1 Qf8 23. Be2 Raa7 24. Nd3 Rac7 25. Bh5 Rfe7 26. Bf3
Be6 27. Nc5 Bc8 28. a3 Rf7 29. b4 $6 $16 {White has managed not to blunder the
pawn back, but is the Bb2 any better than the Bc8?} Be7 30. Bh5 Bxg5 31. Bxf7+
Qxf7 32. hxg5 (32. Rxg5 h6 33. Rg2 Qh5 $132) 32... Qh5 33. Nd3 Qe8 34. Ne5 Qe6
35. Bc1 Qd6 36. Bd2 Qe6 37. Qc5 Ne7 38. Kb2 Qd5 {[#] Either recaputure on c5
gives White's DSB some play.} 39. Rc1 Qxc5 $6 (39... Be6 $1 {and see how White
tries to break through.}) 40. bxc5 Be6 41. Ba5 Rc8 42. Kc3 Nd5+ 43. Kd3 g6 44.
Ra1 Kg7 45. Bd2 (45. f3 $142 $1) 45... h5 46. gxh6+ Kxh6 47. Rg1 Ne7 48. f3 {
If I'd played this at move 45 then Be1 (going to h4) would be a faster
regrouping.} Kg7 49. Rh1 Ra8 50. Be1 Rc8 51. Bh4 Nd5 (51... Rh8 $2 52. Bf6+ $18
) 52. Bg5 {defends f4 -- making e3-e4 a threat, and threatening Rh6} b4 $1 53.
e4 bxa3 {A decent try in time trouble and a bad position, and one that should
have swindled the 1/2 point.} 54. exd5 Bxd5 55. Ra1 a2 56. Nc4 Rb8 {[#]} 57.
Kc3 {Black had been playing on increment for a long time here, and had finally
had enough....} (57. Kc3 $4 {... luckily for White, because here} Rb1 $1 {
draws.} 58. Rxa2 Rc1+ $11 {Needless to say, we both missed this.}) (57. Nb6
$142 $8 Bb3 (57... Bxf3 58. Rxa2 $18) 58. d5 $1 cxd5 59. Kc3 $18) 1-0

[Event "*** Titled Tuesday Blitz"]
[Site "Chess.com"]
[Date "2019.06.04"]
[Round "1"]
[White "Upper, John"]
[Black "soolking67, Ali Nassr (Alg)"]
[Result "0-1"]
[WhiteElo "2092"]
[BlackElo "2531"]
[Annotator "John Upper"]
[PlyCount "62"]
[EventDate "2019.??.??"]
[EventType "blitz"]
[WhiteClock "0:01:14"]
[BlackClock "0:00:49"]

{The following game was against Algerian IM Ali Nassr in a chess.com Titled
Tuesday blitz tournament.} 1. c4 e6 2. Nc3 d5 3. e3 Nf6 4. Nf3 Be7 5. b3 O-O 6.
Bb2 b6 {[#]} 7. d4 {This is perfectly playable, and can transpose, but it's
not the DC REP move, but} (7. cxd5 exd5 8. d4 {"...is my repertoire choice,
entering the Zukertort system (often reached via a Queen's Indian with 4.e3)
but one where Black has committed his bishop to the e7-square rather than the
generally preferable d6-square. White's typical plan here is to plant a knight
on the e5-square, supported by a pawn on f4, and play for central control and/
or a kingside attack."  - DC} Bb7 9. Bd3 Nbd7 10. O-O {with four moves
analyzed:} Ne4 (10... c5) (10... a6) (10... Re8)) 7... Bb7 8. Bd3 dxc4 9. bxc4
c5 10. O-O a6 11. Rc1 h6 12. Qe2 Nbd7 13. Rfd1 Qc7 $6 {[%mdl 64] [#]Critical
Position What happens on 14.d5!?} (13... cxd4 $11) 14. Ne5 $6 {Allows Black
some favourable trades.} (14. d5 $1 {This is obviously the critical move, but
after} exd5 15. Nxd5 Nxd5 16. cxd5 Bxd5 {I didn't see the comp for the pawn
sac.} 17. Bc2 $1 {Here it is! A surprisingly potent move: attacking the Bd5
and preparing to use the QB batteries to poke holes in the Black kingside.} Bc6
$1 (17... Bxf3 18. Qd3 $1 Nf6 $8 19. Bxf6 g6 $8 20. Bb3 $3 Bxf6 21. Qxg6+ Bg7
22. gxf3 $14) 18. Qd3 g6 19. Bb3 {(X Qxg6+)} Kh7 20. Qc3 Bf6 21. Rxd7 Bxc3 22.
Rxc7 Bxb2 23. Rc2 Bxf3 24. Rxb2 c4 $8 (24... Be4 $4 25. Bxf7 $18) 25. Bxc4 (25.
gxf3 cxb3 26. Rxb3 b5 $11) 25... Rac8 $8 26. Rxc8 Rxc8 27. gxf3 Rxc4 28. Rxb6
Ra4 29. Rb2 {White is nominally better, but Black should draw.}) 14... cxd4 15.
exd4 Nxe5 $15 16. dxe5 Nd7 17. f4 (17. Nd5 $5) 17... Nc5 18. Bb1 Rad8 19. Rxd8
Rxd8 20. Ba3 $4 (20. Rd1 $17) 20... Nb3 $1 21. axb3 Bxa3 22. Rd1 Rxd1+ 23. Qxd1
Bc5+ 24. Kf1 f5 $1 {So White can't block on e4.} 25. Qh5 $2 Qc6 26. Qe2 b5 27.
cxb5 axb5 28. Bd3 Bb6 29. Nd1 Qc1 30. Bxb5 Qxf4+ 31. Nf2 Qxh2 0-1